| 000 | 00443nam a22001697a 4500 | ||
|---|---|---|---|
| 003 | OSt | ||
| 008 | 241101b |||||||| |||| 00| 0 eng d | ||
| 020 | _a9788121939713 | ||
| 020 | _a8121939712 | ||
| 082 |
_a621.47 _bRAJ/NO |
||
| 100 | _aRajput, R.K | ||
| 245 |
_aNon-Conventional Energy Sources and Utilisation / _b(Energy Engineering) |
||
| 250 | _a2 rv | ||
| 260 |
_aNew Delhi _bS.Chand & Company _c2012214 |
||
| 300 | _a432p | ||
| 942 | _cBK | ||
| 999 |
_c13731 _d13731 |
||